000 00801nam a22002297a 4500
999 _c17979
_d17979
003 AR-CdUCM
008 190510b ||||| |||| 00| 0 spa d
040 _aMUNICIPALIDAD PROVINCIAL DEL CUSCO
_cBIBLIOTECA MUNICIPAL DEL CUSCO
082 _a159 /
_bS28
100 _aSchaff, Adam,
_937756
245 _aFilosofía del hombre ¿Marx o Sartre? /
260 _aMéxico, D.F :
_bEdit. Grijalbo,
_c1965.
300 _a252 paginas ;
_c20 cm.
505 _aContenido :Marxismo y existencialismo --La filosofía del hombre --Conflictos de los humanismos /
650 _aAntropología filosófica
_912049
650 _aMarxismo
_924
650 _aExistencialismo
_914068
650 _aHumanismo
_92496
700 _aBofill, Mireia (traductor)
_938281
942 _2ddc
_cLIBROS
945 _arjall
_d2019-05-10